000 01894cam a22005294i 4500
003 PE-LiUPU
005 20250731165613.0
008 150706s2011 sp r 000 0 spa d
020 _a9788425427251
035 _a(Sirsi) i9788425427251
035 _a(Sirsi) i9788425427251
040 _aPE-LiUPU
_bspa
_cPE-LiUPU
_erda
049 _aPRUA
082 0 4 _a220.603
_bK24
_221
100 1 _aKasper, Walter,
_eautor.
245 1 0 _aDiccionario enciclopédico de exégesis y teología bíblica :
_ba-h /
_cWalter Kasper.
264 1 _aBarcelona :
_bHerder,
_c2011.
300 _a792 páginas ;
_c23 centímetros
336 _atext
_2rdacontent
337 _aunmediated
_2rdamedia
338 _avolume
_2rdacarrier
500 _aBasado en el Lexikon für Theologie und Kirche, 3a. ed.
505 0 _aDiccionario de A-H tomo I.
526 _aSEG44
526 _aSEG26
526 _aP151
526 _aP150
526 _aP149
526 _aP146
526 _aP145
526 _aP126
526 _aP125
526 _aP92
526 _aP75
526 _aP74
526 _aP27
526 _aP15
541 _g006-0041988;
650 0 4 _aHermeneutica biblica
_vDiccionarios .
700 1 _aVillanueva Salas, Marciano,
_etr.
910 _agl
_bjv
_clch
_d20120423
942 _2ddc
_cBOOK
949 _aRC 220.603 K24 1
_wDEWEY
_c1
_i64468
_d2015-9-6
_lRC
_mBUL
_p81.00
_q1
_r0
_sY
_tBOOK
_u2015-7-6
_xTEOLOGIA
_PP35
_0COMPRA
_o.CIRCNOTE. No olvidar cambiar la fecha de devolución!!!!!!!
_o.STAFF. Colección General
994 _aC0
_bPEPRU
596 _a1
999 _aRC 220.603 K24 1
_wDEWEY
_c53214
_i64468
_d53214
_f2021-11-8
_g6
_lCCODEBUL1
_mBUL
_p81.00
_q2
_r1
_sY
_tBOOK
_u2015-7-6
_xTEOLOGIA
_PP35
_0COMPRA
_o.CIRCNOTE. No olvidar cambiar la fecha de devolución!!!!!!!
_o.STAFF. Colección Teología
980 _81
_gALBERTO SANCHEZ Responsable de Automatización